000 00596 a2200205 4500
999 _c3731
_d3731
020 _a9780582089662
050 _aQA 43 CHA 1994
100 _aChannon, JB
_eauthor
245 _aNew general mathematics 4 :
_ban O'level course
_cJ B Channon et al
264 _aLondon :
_bLongman
_c1994
300 _aiv, 300p. :
_bill.
500 _aIncludes index
650 _aMathematics
650 _aMathematics
_xProblem exercises
700 _aSmith, A mcLeish
_eauthor
700 _aHead, HC
_eauthor
700 _aMacrae, MF
_eauthor
700 _aChasakara, AA
_eauthor
942 _2lcc
_cBK
_h43
_iCHA
_kQA